000 00212 a2200097 4500
001 19898
100 _aSaher P J
245 _aEastern and western thought
260 _a
_bAllen & Unwin
_c
090 _c14520
_d14520
942 _aNUST-CAE
_cM
_c5026
999 _c254971
_d254971